Educational Needs of Seniors Living in the Facilities of Social Services

Zisťovanie vzťahu medzi spokojnosťou seniorov umiestnených v zariadeniach sociálnych služieb s ich spôsobom života a potrebou vzdelávať sa. Výsledky ukazujú, že u daných seniorov existuje významná spojitosť medzi dosiahnutým stupňom vzdelanosti a snahou získavať ďalšie vedomosti.

Guardado en:
Detalles Bibliográficos
Autor principal: Határ, Ctibor
Formato: Capítulo de libro
Lenguaje:inglés
Materias:
Etiquetas: Agregar Etiqueta
Sin Etiquetas, Sea el primero en etiquetar este registro!

MARC

LEADER 00000nla a2200000 4500
001 0241127
005 20240417075133.2
041 0 |a eng 
044 |a CZ 
245 1 0 |a Educational Needs of Seniors Living in the Facilities of Social Services  |c Ctibor Határ 
520 |a Zisťovanie vzťahu medzi spokojnosťou seniorov umiestnených v zariadeniach sociálnych služieb s ich spôsobom života a potrebou vzdelávať sa. Výsledky ukazujú, že u daných seniorov existuje významná spojitosť medzi dosiahnutým stupňom vzdelanosti a snahou získavať ďalšie vedomosti. 
610 2 0 |a sociológia 
610 2 0 |a seniori 
610 2 0 |a zariadenia starostlivosti sociálnej 
610 2 0 |a vzdelávanie ďalšie 
610 2 0 |a vzdelanie 
610 2 0 |a vedomosti 
100 1 |a Határ, Ctibor